[Event "RUS-ch qual 57th"]
[Site "Tomsk"]
[Date "2004.05.27"]
[Round "5"]
[White "Rublevsky, Sergei"]
[Black "Korotylev, Alexey"]
[Result "1/2-1/2"]
[WhiteElo "2671"]
[BlackElo "2565"]
[Annotator "Gofshtein,L"]
[PlyCount "60"]
[EventDate "2004.05.23"]
[EventType "swiss"]
[EventRounds "9"]
[EventCountry "RUS"]
[SourceTitle "CBM 102"]
[Source "ChessBase"]
[SourceDate "2004.09.23"]
[SourceVersion "1"]
[SourceVersionDate "2004.09.23"]
[SourceQuality "1"]

1. e4 c5 2. Nf3 Nc6 3. Bb5 g6 4. Bxc6 dxc6 5. d3 Bg7 6. h3 Nf6 7. Nc3 O-O 8.
Be3 b6 9. Qd2 e5 {Black's another main move in this position is 9...Re8} (9...
Re8 {The idea of this move is to meet 10.Bh6 with 10...Bh8, the rook also
frees the f8 square for the knight, on his route to d4} 10. a3 (10. Bh6 Bh8 11.
h4 e5 12. Nh2 Be6 $11 {0-1 Maljutin,E-Bojczuk,Z/Moscow5-B/1991 (43)}) (10.
O-O-O e5 11. Bh6 Bh8 12. g4 a5 13. Qe3 a4 {1/2-1/2 Shabanov,Y-Yakkimainen,V/
RUS-sf Yaroslavl (04)/1995 (14) is unclear}) (10. e5 Nd5 11. Bh6 Nxc3 12. Bxg7
Kxg7 13. bxc3 c4 14. d4 Qd5 15. Qe3 Bf5 {Mohr,G-Skomorokhin,R/Velden op (05)/
1994/0-1 (45) and black is fine}) 10... a5 (10... e5 11. b4 cxb4 12. axb4 Bb7
13. O-O {1-0 Rechlis,G-Tiemer,K/Berliner Sommer (01)/1995 (33) and white is a
little better}) 11. O-O Nd7 12. Nh2 $1 Nf8 13. f4 f5 14. Rae1 Ne6 15. exf5 gxf5
16. Nf3 Nd4 17. Ne5 {and white is better}) (9... Ne8 {seems to give white some
initiative after} 10. Bh6) 10. Bh6 Qd6 11. O-O-O a5 12. Nh2 ({One of the key
games in this variation is Shiriov-Leko which continued} 12. Bxg7 Kxg7 13. g4 (
13. Nh2 a4 14. Ng4 Ng8 {1/2-1/2 Grischuk,A-Leko,P/Moscow 2002/CBM 91 (55) and
black is fine}) 13... a4 14. Ne2 b5 15. Ng3 b4 16. Qg5 Re8 {0-1 Shirov,A-Leko,
P/Dortmund GER 2002/The Week in Chess 401 (31) where black is totally fine and
won the game in a nice fashion}) 12... Re8 (12... a4 13. Ng4 Nh5 (13... a3 14.
b3 Bxg4 {looks tempting for black, but was proved to be wrong after} 15. hxg4
Bxh6 16. Qxh6 Qd4 17. Qh4 $1 {1-0 Oratovsky,M-Alvarez Ibarra,R/Albacete 2002/
EXT 2003 (24) and white got a very strong intiative}) 14. Bxg7 Nxg7 15. f4 {
1-0 Oratovsky,M-Fernandes,A/Maia 2003/EXT 2004 (67) with a small edge for white
}) 13. Bxg7 (13. Ng4 Nh5 $1 14. Bxg7 Kxg7 15. Ne2 (15. g3 $5) 15... f6 16. Rhf1
Nf4 17. g3 Bxg4 18. hxg4 Nxe2+ 19. Qxe2 a4 {with an equal game 1/2-1/2
Oratovsky,M-Ivanov,J/Mondariz Balneario 2003/EXT 2004 (50)}) 13... Kxg7 14.
Rdf1 {white wants to play f2-f4 and create an attack on the kingside} (14. Ng4
Nh5 {leads to the previous note}) 14... Be6 15. f4 exf4 16. Rxf4 Nd7 {Black
wishes to stabilize the situation in the centre and then start an offense on
the queenside} 17. Rh4 h5 {forced, other lines give white the advantage} (17...
Kg8 $2 18. Qh6 Nf8 19. Nf3 Qg3 (19... f6 20. e5 $1 fxe5 21. Ne4 {with a very
strong initiative}) 20. Qd2 $1 {with the idea to play e5 and Ne4 ot to close
the black queen with Rf4} (20. Ng5 $2 {is not good in view of} Qe3+ 21. Kb1 f6)
20... Qc7 21. e5 {with big advantage for white}) 18. Nf3 Ne5 19. Rf1 {White's
idea now is to exchange the knights and play g2-g4} ({The immideate} 19. Nxe5
Qxe5 20. g4 $2 {is bad due to} Qg3 $1 {and the funny position of the white
rook allows black to win it} 21. Qe1 (21. Qg5 f6) 21... Qxe1+ 22. Rxe1 Kh6 $1 {
winning for black}) 19... Nxf3 {Black could have played an immideate 19...a4
with a further b5 or a3 since white's attack on the kingside is not dangerous}
(19... a4 20. Nxe5 (20. g4 {is also not dangerous} Nxf3 21. Rxf3 Qe7 22. Qf2
hxg4 23. hxg4 Rh8 {with equality}) 20... Qxe5 21. g4 a3 (21... Qg3 $2 22. Qg5
$1 {with a strong attack since black doesn't have f7-f6 now}) (21... Rh8 {
is also possible and there's nothing special for white}) 22. b3 Rh8 {and black
is fine}) 20. Rxf3 Qe5 21. Ne2 (21. g4 {is answered by} Rh8) 21... a4 22. a3 {
forced, allowing a4-a3 is unpleasent for white} b5 23. Rg3 {White targets the
h5 pawn and also has in mind the opportunity to play Rg5} b4 {Black's attack
is also quite dangerous} 24. d4 {Very interesting lines could arise after 24.
Rg5} (24. Rg5 Qf6 $1 (24... bxa3 {a temporary sacrifice of the queen looks
tempting but in fact gives white the advantage} 25. Rxe5 a2 26. Qc3 $1 a1=Q+
27. Kd2 f6 28. Rxc5 $16) 25. Nf4 (25. Ng3 Qd4 26. Ne2 (26. Nxh5+ $2 Kf8) 26...
Qf6 {leads to a draw}) 25... Kh7 26. Nxh5 $1 (26. Nxe6 Rxe6 27. Rf4 Qe7 {
and black is not worse}) 26... Qf1+ 27. Qd1 Qxd1+ 28. Kxd1 Kh6 29. Rxc5 g5 $1
30. Rg4 bxa3 31. bxa3 Kxh5 (31... Bxg4+ 32. hxg4 Re6 33. Ng3 {and white is
better}) 32. Rgxg5+ Kh6 {and white has enough compensation for the piece})
24... cxd4 25. Nf4 $6 {white goes for the complications, the endgame after 25.
Qxd4 was a more rational decision} (25. Qxd4 Qxd4 26. Nxd4 Kh6 {leads to an
equal endgame}) 25... bxa3 26. Rxh5 $2 {this move should have lost} (26. bxa3
Rh8 27. Rg5 $1 Qd6 28. Qd3 {and white has some initiative that should
compensate him for the lost pawn} Bb3 {is met by} 29. Kd2 $1 (29. cxb3 $2 Qxa3+
30. Kd2 Qa2+ 31. Ke1 Qa1+ 32. Kf2 axb3 33. Qxb3 Ra2+ 34. Ne2 d3 35. Qxd3 Qf6+ {
and black wins})) 26... a2 $1 27. Nxe6+ Qxe6 $2 {Black misses a beautiful way
to win the game} (27... Rxe6 $1 28. Qh6+ Kf6 $1 (28... Kg8 $2 {Both sides
probably saw this move only when white is better after} 29. Qh7+ Kf8 30. Rxe5
a1=Q+ 31. Kd2 {with advantage to white}) 29. Rf3+ {the next line looks forced
for both sides} Ke7 30. Rxe5 a1=Q+ 31. Kd2 Rxe5 32. Qg7 Rxe4 33. Qxf7+ {
the black king escapes the checks} Kd6 34. Rf6+ Kc5 35. Rxc6+ Kxc6 36. Qxg6+
Kd5 37. Qf5+ Re5 38. Qd7+ Kc4 39. Qc6+ Rc5 40. Qxa8 Qxb2 {and black wins}) 28.
Qh6+ {now it's a perpetual check} Kf6 29. Qg5+ Kg7 30. Qh6+ Kf6 1/2-1/2

[Event "Dov Porath Memorial"]
[Site "Givataim"]
[Date "1998.06.08"]
[Round "6"]
[White "Krayz, Alexander"]
[Black "Golod, Vitali"]
[Result "1-0"]
[WhiteElo "2395"]
[BlackElo "2535"]
[Annotator "Golod,V"]
[PlyCount "157"]
[EventDate "1998.05.10"]
[EventType "swiss"]
[EventRounds "7"]
[EventCountry "ISR"]
[SourceTitle "CBM 065"]
[Source "ChessBase"]
[SourceDate "1998.08.06"]
[SourceVersion "1"]
[SourceVersionDate "1998.08.06"]
[SourceQuality "1"]

1. e4 c5 2. Nf3 Nc6 3. Bb5 g6 4. O-O Bg7 5. c3 (5. Re1 $5 e5 6. c3 Nge7 7. d4
cxd4 8. cxd4 Nxd4 $1 (8... exd4 $143) 9. Nxd4 exd4 $13) 5... Nf6 (5... e5 $5)
6. e5 Nd5 7. d4 cxd4 8. cxd4 O-O 9. Nc3 Nxc3 (9... Nc7 $5 {/\d6}) 10. bxc3 d6
11. exd6 exd6 $5 (11... Qxd6 $5 12. a4 Bf5 $5 (12... Rd8 $6 13. Ba3 Qc7 14. Re1
e6 15. Ng5 b6 $2 (15... a6 $5) 16. Nxf7 $1 Rd5 (16... Kxf7 $2 17. Qf3+ {
[%csl Rc6,Rf7]}) 17. Bxc6 Qxc6 18. Qf3 Bd7 19. Ne5 Bxe5 20. dxe5 $16 {1-0
Fedorowicz,J-Dlugy,M/USA-ch 1988 (42)}) (12... Bg4 $5 13. h3 Bxf3 14. Qxf3 Rfc8
15. Ba3 Qc7 16. Rfe1 e6 $14 17. Rab1 Nd8 18. Rb3 a6 19. Be2 Qa5 20. Reb1 Qxa4
21. Be7 b5 22. Ra3 Qc2 23. Bd3 Qd2 24. Rd1 Qb2 25. Rb1 Qd2 26. Rd1 Qb2 (26...
Qh6 $2 27. Bxb5 $16) 27. Rb1 $11 {1/2-1/2 Kovalevskaya,E-Vokarev,S/Komercni
Banka op 1997}) 13. Ba3 Qc7 14. Re1 Bf6 15. Qd2 Rad8 16. Bxc6 bxc6 17. Qh6 Rfe8
18. Ng5 Bxg5 19. Qxg5 Be6 20. Bc5 Rd5 21. Qh4 Rh5 22. Qg3 Qd7 23. Rab1 $14 {
Bronstein,D-Boleslavsky,I/URS-ch24 1957/1/2-1/2 (88)}) 12. Re1 $5 $146 (12. Bf4
$5 Ne7 13. Bc4 Bg4 14. h3 Rc8 15. Bb3 Be6 16. Rc1 Nd5 17. Bg5 Bf6 18. Bh6 Re8
$13 {Matanovic,A-Bouaziz,S/Sousse izt 1967/1/2-1/2 (48)}) (12. a4 $6 Bf5 13.
Re1 a6 14. Bd3 Bxd3 15. Qxd3 Rc8 16. Bg5 Qd7 17. Nd2 h6 18. Bf4 Na5 19. Ne4 d5
20. Nc5 Qc6 21. Rab1 Rfe8 22. Rxe8+ Rxe8 23. h3 Re7 $15 {Schoeneberg,
M-Pfretzschner,R/BL2-O9697 1997/0-1 (60)}) 12... Qa5 $1 {[%csl Rb5,Rc3]} (12...
Qc7 $143 13. Bf4 $14 {[%csl Rd6][%cal Yf4c7]}) 13. Qa4 $5 (13. Qb3 $6 Bg4 $1 (
13... Bxd4 $2 14. cxd4 Nxd4 15. Nxd4 Qxe1+ 16. Bf1 {+/=/+/-}) 14. Be3 Rac8 $15)
13... Bg4 $1 $13 (13... Qxa4 $143 14. Bxa4 Bf5 15. Bf4 $14) (13... Qxc3 $4 14.
Bd2 {[%csl Rc3]} Qb2 15. Rab1 $18) 14. Ba3 $5 (14. Bxc6 $6 Qxc3 {[%csl Ra1,Rc6,
Re1,Yf3][%cal Rf3e1]} 15. Bxb7 (15. Bf4 $2 Qxc6 16. Qxc6 bxc6 17. Bxd6 Rfd8 $15
) 15... Bxf3 16. Bd2 $1 (16. Bb2 $2 Qxb2 17. Bxf3 Bxd4 $17) 16... Qxd2 17. Bxf3
Bxd4 18. Rad1 $8 Bxf2+ (18... Qxf2+ $143 19. Kh1 Be5 20. Re2 Qb6 21. Bxa8 Rxa8
$11) 19. Kf1 $8 (19. Kh1 $2 Qh6 $1 $19 {[%csl Rh1][%cal Gf2g3]}) 19... Bxe1 20.
Rxd2 Bxd2 21. Qd4 Bh6 22. Bxa8 Rxa8 23. Qxd6 $11) (14. Qxa5 $6 Nxa5 {/\Rac8;
><c3}) 14... Qc7 (14... Qxc3 $4 15. Rac1 Qa5 16. Bxc6 $18) (14... Qxa4 $6 15.
Bxa4 Bxf3 16. gxf3 Rfd8 17. Rab1 $14) 15. Nd2 $5 {[%csl Rd6][%cal Gd2e4]} (15.
Ne5 $6 dxe5 (15... Nxe5 $2 16. dxe5 $16) 16. Bxf8 Rxf8 17. d5 {[%csl Rc6,Rg4]}
e4 $1 {[%csl Ya1,Rc3,Ye1][%cal Gg7c3]} 18. dxc6 Bxc3 19. Qxe4 Bxa1 20. Rxa1 Bf5
21. Qa4 a6 22. Bf1 $11) 15... Rfd8 $1 (15... a6 $143 16. Bxc6 bxc6 17. Nc4 Rfd8
18. Bb4 $1 $14) 16. Ne4 (16. d5 $2 Ne5 17. Rxe5 dxe5 $1 (17... Bxe5 $2 18. Qxg4
Qxc3 19. Nb3 $14) 18. Qxg4 Rxd5 {[%csl Rb5,Rd2]} 19. Qe2 $8 (19. Qc4 $2 Qxc4
$19) 19... Qa5 $1 {[%csl Ra3,Rb5]} (19... a6 $2 20. Bc4 $8 (20. Bd3 $4 Rad8 $19
) (20. Ba4 $4 Qxc3 21. Nb3 b5 22. Rc1 Qd3 23. Qxd3 Rxd3 $19) 20... Rxd2 21.
Bxf7+ Qxf7 22. Qxd2 $11) 20. Bc4 $8 Rxd2 21. Qxd2 Qxa3 $15) 16... Be6 $5 (16...
a6 $5 17. Bxc6 bxc6 18. Rab1 Bf5 $11) 17. Bc1 $1 {[%csl Gc1,Rd6,Gf4,Rf6,Gg5]
[%cal Gg5f6,Gf4d6,Yc1g5]} (17. Ng5 $6 Bd5 $1 18. c4 $2 a6 $1 $36) 17... h6 $2 (
17... a6 $1 18. Bxc6 (18. Bd3 $6 b5 $15) 18... Qxc6 (18... bxc6 $143 19. Bg5
$14) 19. Qxc6 bxc6 20. Bg5 (20. Bf4 $5 Bf8 $1 21. Bg5 Rdb8 22. Bf4 $11) 20...
Rd7 21. a4 $5 $11 (21. Nf6+ $6 Bxf6 22. Bxf6 Rb7 $15)) 18. Bf4 $5 (18. Bxh6 $1
Bxh6 19. d5 Ne5 (19... a6 20. Bxc6 bxc6 21. dxe6 fxe6 $14) 20. dxe6 fxe6 $14)
18... Ne7 $5 {[%csl Yd6][%cal Ge7f5,Gf5d6]} (18... Bd5 $2 19. Bxh6 $1 Bxe4 $8 (
19... Bxh6 $2 20. Nf6+ Kf8 21. Nxd5 $18) 20. Bxg7 $16) 19. Qa3 Nf5 20. h3 (20.
g4 $2 Nh4 21. Bxd6 Nf3+ 22. Kh1 Qc8 $36) (20. Rab1 $5) 20... Bc4 $4 (20... Bd5
$5 $11) 21. Bxc4 Qxc4 22. Nxd6 Nxd6 23. Bxd6 $16 Rac8 24. Re3 {/\Rae1} Rd7 (
24... b6 $5) 25. Rae1 Kh7 (25... Rc6 $2 26. Be5 $1 {[%csl Ra7,Rg8]}) 26. Be5 $1
Bxe5 $5 (26... f6 $143 $2 27. Bg3) 27. dxe5 Qc5 $5 (27... Rc6 28. Qxa7 Ra6 29.
Qb8 Rxa2 30. e6 $1 $16) 28. Qa4 $1 {[%csl Rd7,Rh7][%cal Ge5e6]} (28. Qxc5 $2
Rxc5 29. e6 Re7 30. exf7 Rxf7 $14) 28... Rc6 29. e6 fxe6 30. Rxe6 Rf7 (30...
Qxc3 $2 31. Re7+ Kg8 (31... Rxe7 32. Rxe7+ Kg8 33. Qe4 $1 (33. Qxa7 $5 $18)
33... Qc1+ 34. Kh2 Qc5 35. Rxb7 $18) 32. Re8+ Kh7 (32... Kf7 33. Qf4+ Qf6 34.
Qxh6 $18) 33. R1e7+ Rxe7 34. Rxe7+ Kg8 35. Qe4 $18) 31. Qc2 $1 {[%csl Rg6]} (
31. R6e3 $6 Rcf6 32. f3 {+/=/+/-} (32. Qc2 $2 Rxf2 33. Qxf2 Rxf2 34. Kxf2 h5
$14)) 31... Rxe6 32. Rxe6 Qf5 $2 $138 (32... Qg5 $142 $16) 33. Qxf5 gxf5 34. a4
$6 $138 (34. Kf1 $5 Rc7 (34... Kg7 $143 35. Ke2 Rc7 36. Kd3 Rd7+ 37. Kc2 $16)
35. Rf6 Rxc3 36. Rxf5 $16) (34. f4 $5) 34... Kg7 35. Kf1 Rc7 36. Ke2 Rc4 $5 (
36... Rxc3 $2 37. Re7+ Kf6 38. Rxb7 a5 39. Rb5 $18) 37. a5 Ra4 38. Re5 $1 (38.
Re7+ $2 Kf6 39. Rxb7 Rxa5 $14) 38... Kf6 39. Rb5 h5 $1 {/\h4(><g2)} 40. Ke3 $2
$138 (40. h4 $1 $16) 40... Kg5 $2 $138 (40... h4 $14) 41. h4+ $1 $16 {><h5} Kf6
(41... Rxh4 $2 42. Rxb7 Re4+ 43. Kd2 $18 {[%csl Ra7]}) (41... Kg4 $5 42. f3+ (
42. g3 $5) 42... Kxh4 43. Rxf5 Ra2 44. g3+ Kxg3 45. Rxh5 $16) 42. g3 Re4+ {
[%csl Yb7][%cal Ge4e7,Ge7b7]} 43. Kd3 Re7 44. Rd5 (44. c4 $5) 44... Re6 45. c4
Re1 $5 (45... b6 $6 46. axb6 Rxb6 (46... axb6 $143 47. Rd8 $18 {[%csl Rb6,Rh5]}
) 47. Ra5 Rd6+ 48. Kc3 Rd7 49. c5 $18) 46. Rd6+ $1 {[%csl Rb7,Rh5]} Ke5 $8 47.
Rh6 Rd1+ $8 (47... Ra1 $2 48. Rxh5 Ra3+ 49. Kd2 Rxa5 50. g4 Ra2+ (50... Kf4 $2
51. Rxf5+ Rxf5 52. gxf5 Kxf5 53. f3 $1 $18) 51. Ke3 Ra3+ 52. Ke2 Ra2+ 53. Kf3
Ra3+ 54. Kg2 Kf4 55. g5 $1 $18) 48. Ke3 Re1+ (48... Ra1 $4 49. f4#) 49. Kf3 Rc1
$8 {[%csl Rc4,Yg4][%cal Gc1c4,Gc4g4]} (49... Ra1 $2 50. Rxh5 Rxa5 51. g4 Ra3+ (
51... Kf6 $143 52. Kf4 $18) 52. Kg2 Kf4 53. g5 $1 $18) 50. Rxh5 $16 Rxc4 51.
Rh7 Ra4 (51... Rb4 $142 52. a6 $1 bxa6 53. Rxa7) 52. Rxb7 Rxa5 53. Rc7 Ra6 (
53... Ra3+ $142 54. Kg2 Ra6 {[%cal Ga6h6]}) 54. Rc5+ Kf6 55. Kg2 Kg6 (55... Rd6
$143 56. Ra5 a6 57. Ra2 $1 $18 {/\Kh3,Ra3,f3,g4}) 56. Rc4 Kf6 57. Rc3 $5 {/\f3}
Ra2 $8 58. Rc6+ Kg7 59. Kf3 Ra4 (59... a5 $143 60. h5 $1 a4 61. h6+ Kh7 62. Rf6
Rb2 63. Rxf5 Kxh6 64. Ra5 Rb4 65. Kg2 $1 $18 {[%csl Gf2,Gg3][%cal Yg2h3,Yh3g4,
Yf2f4]}) 60. Ke3 Re4+ 61. Kd3 Ra4 62. Rd6 a5 $2 $138 {[%csl Ra6,Rb6,Rc6,Rd6,
Re6,Rf6,Rg6,Rh6][%cal Gd6a6,Gd6h6]} (62... Ra3+ $142 63. Ke2 Ra4 64. f3 $16)
63. Rd4 Ra3+ 64. Ke2 Kg6 65. Rd6+ Kg7 66. Ra6 $18 Ra2+ 67. Kf3 Ra4 $2 (67... a4
$142 68. Ke3 a3 69. f3 $18) 68. h5 $1 {[%csl Rf5,Gh5]} Kf7 $2 (68... Ra2 $142
69. h6+ Kh7 70. Rf6 a4 71. Rxf5 Kxh6 72. Ra5 $18) 69. h6 Kg8 $2 $138 (69... Ra2
$142 70. Ke3 {/\f3,Kf4}) 70. Ra7 Ra1 71. Kf4 $1 Ra2 72. Kg5 Rd2 (72... Rxf2 73.
Kg6 $143) 73. Rxa5 f4 74. g4 $1 f3 75. Rf5 Rxf2 76. Kg6 Rh2 77. Rxf3 Rh1 78.
h7+ (78. Ra3) 78... Kh8 (78... Rxh7 79. Rf8+ Kxf8 80. Kxh7) 79. Rf8# 1-0

[Event "Olympic team-Beersheva"]
[Site "Vingeit"]
[Date "1998.09.18"]
[Round "1"]
[White "Kosashvili, Yona"]
[Black "Golod, Vitali"]
[Result "1-0"]
[WhiteElo "2580"]
[BlackElo "2555"]
[Annotator "Golod,V"]
[PlyCount "99"]
[EventDate "1998.09.18"]
[EventType "match"]
[EventRounds "2"]
[EventCountry "ISR"]
[SourceTitle "CBM 068"]
[Source "ChessBase"]
[SourceDate "1999.02.01"]
[SourceVersion "1"]
[SourceVersionDate "1999.02.01"]
[SourceQuality "1"]

{This is a first game which was played in the training match
Beer-Sheva-Olympic team a week before The Olympiad in Elista.} 1. e4 c5 2. Nf3
Nc6 3. Bb5 g6 4. O-O Bg7 5. Re1 ({Other line are:} 5. c3 $5) ({and} 5. Bxc6 $5)
5... e5 6. Bxc6 $6 {In my opinion after 5.Re1,this move is not actual.Better
is:6.c3!?/\d4.} dxc6 7. h3 $5 (7. d3 $5) (7. a3 $5) (7. b3) (7. c3 {were
checked in the preceding games.}) 7... Qe7 $5 {Besides,black has few options:}
(7... Ne7 $143 8. a4 g5 $5 9. Nxg5 Ng6 10. Nf3 Bh6 11. Ra3 $6 Rg8 $44 {1-0
Ehlvest,J-Kozul,Z/Belgrade 1989/CBM 16 (43)}) (7... f6 $143 {[%csl Yg8][%cal
Gg8h6,Gh6f7]} 8. c3 Nh6 9. d4 cxd4 10. cxd4 Nf7 11. Be3 O-O 12. Qb3 Qe7 13. Nc3
Be6 14. d5 $14 {1-0 Nikolenko,O-Beckhuis,G/Cappelle 1995/EXT 95op2 (29)}) (7...
Nh6 $5 8. d3 f6 9. Nc3 (9. Be3 b6 10. Nc3 Be6 11. Ne2 Nf7 12. Nh2 O-O 13. f4 f5
$15 {0-1 Nadezhdin,D-Nenashev,A/St.Petersburg 1996/EXP 56 (31)}) 9... Nf7 10.
Be3 b6 11. a3 a5 12. Na4 Rb8 13. Qd2 O-O 14. b4 $14 {1/2-1/2 Dmitriev,I-Zambor,
N/Litomysl 1995/EXT 97 (52)}) 8. a4 $2 $146 ({Better is:} 8. d3 $5 Nf6 9. Be3 (
9. a4 O-O 10. a5 Rd8 11. b3 Ne8 12. Nbd2 Nc7 13. Nc4 Nb5 14. Bg5 f6 15. Be3 Be6
$11 {1-0 Vujovic,M-Sonnhalter,W/St. Ingbert 1991/EXT 91op2 (39)}) 9... O-O 10.
Nbd2 Nd7 11. a4 Rd8 12. Nb3 b6 13. a5 Ba6 14. Ra3 c4 15. axb6 axb6 16. Qa1 cxb3
17. Rxa6 Rxa6 18. Qxa6 bxc2 19. Rc1 $14 {1-0 Markovic,M-Zontakh,A/Sabac 1998/
CBM 65_03 (43)}) ({and:} 8. b4 $5 cxb4 9. a3 b3 10. cxb3 Nf6 11. a4 O-O 12. Ba3
c5 13. Nc3 Rd8 $11 {1-0 Dmitriev,I-Frindt,K/Litomysl 1995/EXT 97 (55)}) (8. c3
$6 Nf6 9. d4 cxd4 10. cxd4 exd4 $5 (10... Nd7 11. Bg5 f6 12. Be3 O-O 13. Nbd2
Rd8 14. Qc2 exd4 15. Bxd4 Ne5 $11 {1/2-1/2 Nikolenko,O-Kozlov,V/Moscow 1995/
EXT 95ch (32)}) 11. Bg5 Qb4 $1 12. e5 Nd5 13. Nbd2 O-O $15 {0-1 Tseshkovsky,
V-Krasenkow,M/Moscow 1992/EXT 97 (53)}) 8... g5 $1 {[%cal Gg5g4][%mdl 128]} 9.
d4 $1 {-is the best move.} (9. d3 $6 g4 10. hxg4 Bxg4 {/\0-0-0|^}) 9... g4 $5 (
{Another direction of a play game recieves after} 9... cxd4 10. Bxg5 f6 11. Bh4
Nh6 $5 $13 {/\Nf7,Be6(h6,Ng5)} (11... Be6 $2 12. Nxe5 $16) (11... c5 $5 $13))
10. Nxe5 (10. hxg4 $2 cxd4 $17) 10... gxh3 (10... cxd4 $2 11. Nxg4 h5 12. Nh2
$16) 11. Bf4 $5 {[%cal Gf4h2,Gf4b8]} hxg2 12. Na3 $6 ({Loses:} 12. Nc4 $2 {
because of:} Qh4 13. Bh2 Bxd4 14. Nd6+ Kf8 15. Qf3 Nh6 $19) ({Can be
recommended:} 12. Qf3 $5) 12... Qh4 $6 {[%csl Rf4,Rg1][%cal Gh4h1]} ({After:} 
12... cxd4 $1 13. Qxd4 (13. Nec4 Nf6 14. Nd6+ Kf8 $17) 13... Nf6 {I have a big
advantage.}) 13. Bh2 $8 Bxe5 (13... cxd4 $5 $13) 14. dxe5 Be6 15. Qf3 $1 {
[%cal Gf3g3]} O-O-O 16. Qg3 Qh5 (16... Qxg3 17. Bxg3 h5 18. Bh4 {(/\f4)} Rd4
$14) 17. Nc4 $3 $14 {[%csl Rc8]} Ne7 (17... Bxc4 $4 18. e6 $18 {[%csl Yb8,Yc7,
Rc8][%cal Gg3b8]}) (17... Nh6 $2 18. Nd6+ Kb8 19. f3 Rhg8 20. Qf4 $16) 18. Nd6+
Kb8 19. f4 $1 $16 {[%csl Ye4,Ye5,Re6,Yf4][%cal Gf4f5] After this move,
Kosashvili has a strong pawn chain in the centre.} Rhg8 20. Qf2 Rg4 {[%mdl 64]}
({Badly:} 20... Ng6 $2 {because of:} 21. Ra3 $5 $16 (21. f5 $2 Nxe5 {[%cal
Gh5h2]} 22. Nxf7 Bxf7 23. Qxc5 Rd2 24. Qxe5+ Ka8 $13)) ({Also badly:} 20... Rg6
$2 21. f5 Rh6 22. Qf4 (22. Qxg2 $5 Rg8 23. Bg3 $16 {[%csl Ya1][%cal Ga1a3,
Ga3g3]}) 22... Rg8 23. fxe6 Rg4 24. exf7 Rxf4 25. Bxf4 Ng6 26. e6 Qh1+ 27. Kf2
g1=Q+ 28. Rxg1 Rh2+ 29. Bxh2 $1 (29. Ke3 Rh3+ 30. Kd2 Rh2+ 31. Ke3 Rh3+ $11)
29... Qxh2+ 30. Rg2 Qxd6 31. Rxg6 $1 hxg6 32. Rf1 $18) 21. Qf3 $1 {[%csl Gf3,
Rh5][%cal Gf3h5]} (21. f5 $4 Rh4 22. Qxg2 (22. Qg3 Rg8 $19) 22... Rg8 23. Bg3
Rxg3 $1 24. Qxg3 Rg4 $17) 21... Ng6 ({Dubious:} 21... Rdg8 $6 {in view of:} 22.
f5 (22. Rad1 $4 Qxh2+ $3 23. Kxh2 g1=Q+ 24. Rxg1 Rh4+ 25. Qh3 Rxh3#) 22... Bc8
23. Nxf7 $16) 22. f5 Nh4 (22... Nxe5 $2 23. Bxe5 Qh1+ 24. Kf2 $18) 23. Qe2 Rdg8
24. Ra3 $5 ({Good enough:} 24. fxe6 $5 fxe6 25. Ra3 $16) 24... Ng6 $1 25. fxg6
$2 (25. fxe6 $5 fxe6 $16 (25... Nf4 $143 26. Qf3 Qxh2+ 27. Kxh2 Rh4+ 28. Qh3
Rxh3+ 29. Rxh3 Nxh3 30. Kxh3 $18)) 25... hxg6 26. Rg3 $4 {[%mdl 8192]} ({Badly:
} 26. Nxf7 $6 {because of:} Ka8 {with the initiative.}) ({Can be recommended:} 
26. Bg3 $1 $14) 26... Rh8 27. Qxg2 $8 Rh4 28. Re2 $8 Qxe5 $4 {[%mdl 8192]} (
28... Rxh2 $3 {Psakhis,L} 29. Qxh2 Qxe5 {[%cal Ye5h8,Ge5d6]} 30. Nxf7 (30. Qf2
Qxd6 $17) 30... Rxh2 31. Nxe5 Rxe2 32. Rxg6 Bc8 $17 {and black has a big
advantage in the endgame.}) 29. Nxf7 $1 Qd4+ $8 30. Rge3+ $1 Rxh2 $140 31. Qg3+
$1 {[%csl Rh2]} Kc8 ({Worse is:} 31... Ka8 32. Rxh2 Rxh2 (32... Qd1+ $2 33. Re1
Qd4+ 34. Qe3 Qxe3+ 35. Rxe3 Rxh2 36. Kxh2 Bxf7 37. Rf3 $18) 33. Kxh2 Bxf7 34.
Rd3 {+/-/+-}) 32. Nd6+ Kd7 33. Rxh2 Qd1+ 34. Qe1 $18 (34. Re1 $143 Qd4+ 35. Kh1
Rxh2+ 36. Qxh2 Qxd6 $16) 34... Qxe1+ 35. Rxe1 Rxh2 36. Kxh2 Kxd6 {[%mdl 4096]}
37. Kg3 Ke5 (37... g5 38. Kf3 Ke5 39. Rh1 $18) 38. Kf3 {[%csl Rg6][%cal Ge1g1]}
g5 39. Rh1 a5 40. Rh5 Kf6 41. Rh6+ $5 Ke5 42. Rg6 $5 g4+ 43. Ke3 b5 44. Rg5+
Kd6 45. Rg7 {[%csl Ra5][%cal Gg7a7]} bxa4 46. Ra7 (46. Kf4 $5) 46... Bc4 47.
Rxa5 Bf1 48. Kf4 Be2 49. Rxa4 Bd1 50. Rc4 {Despite the mistakes the game was
very interesting.} 1-0

[Event "St Maxime-02"]
[Site "St Maxime"]
[Date "1982.05.??"]
[Round "9"]
[White "Parma, Bruno"]
[Black "Kouatly, Bachar"]
[Result "1-0"]
[WhiteElo "2485"]
[BlackElo "2430"]
[Annotator "Grivas,E"]
[PlyCount "45"]
[EventDate "1982.05.??"]
[EventType "tourn"]
[EventRounds "13"]
[EventCountry "FRA"]
[EventCategory "7"]
[SourceTitle "EXT 2018"]
[Source "ChessBase"]
[SourceDate "2017.10.13"]
[SourceVersion "1"]
[SourceVersionDate "2017.10.13"]
[SourceQuality "1"]
[TimeControl "40/9000:16/5400:0"]

1. e4 c5 2. Nf3 Nc6 3. Bb5 g6 4. O-O Bg7 5. c3 e5 (5... Nf6) 6. d4 exd4 7. cxd4
Nxd4 8. Nxd4 Bxd4 $6 (8... cxd4 $142 {is again safer}) 9. Nc3 Kf8 10. Bf4 d6
11. Qd3 a6 12. Bc4 Be6 13. Ne2 Bxc4 14. Qxc4 Be5 15. Bxe5 dxe5 16. f4 {[%csl
Rf7][%cal Gf1f7,Gc4f7]} Qc7 17. fxe5 Kg7 18. Qc3 f6 19. exf6+ Nxf6 20. Nf4 Rhf8
21. Nd5 Qd6 22. Nxf6 Rxf6 23. Rad1 1-0